| 000 | 00563nam a22001577a 4500 | ||
|---|---|---|---|
| 003 | NUST | ||
| 082 | _a629.8 | ||
| 100 |
_a TAHIR RAFIQUE, MUHAMMAD _9122274 |
||
| 245 |
_aAdaptive Traffic Signal Control using Reinforcement Learning / _cMUHAMMAD TAHIR RAFIQUE |
||
| 264 |
_aIslamabad: _bSMME- NUST. _c2020. |
||
| 300 |
_a123P. ; _bSoft Copy, _c30cm. |
||
| 650 |
_aMS Robotics and Intelligent Machine Engineering _9119486 |
||
| 700 |
_aSupervisor : DR. HASAN SAJID _9121640 |
||
| 856 | _uhttp://10.250.8.41:8080/xmlui/handle/123456789/23232 | ||
| 942 |
_2ddc _cTHE |
||
| 999 |
_c608780 _d608780 |
||